000 00697nam a2200265 a 4500
003 AR-BaBNM
005 20251128205122.0
008 082120s2002 ||||||||||||||000 | spa||
040 _cAR-BaBNM
100 1 _aCarriego, Evaristo
245 0 0 _aVersos de Carriego
_bselección
250 _a2ª ed.
260 _aBuenos Aires
_bEudeba
_c1972
300 _a69 p.
490 0 _aBiblioteca de divulgación siglo y medio
_vv. 55
650 4 _aLITERATURA ARGENTINA
650 4 _aPOESIA
650 4 _aLITERATURA POPULAR
651 4 _aBuenos Aires [Capital Federal]
653 _aTANGO
655 _aLITERATURA
700 1 _aBorges, Jorge Luis
_ecompilador
942 _cBK
998 _cisola
999 _c10059
_d10059